Catálogo

Vista normal Vista MARC

Entrada Personal Name

Número de registros utilizados en: 1

001 - CONTROL NUMBER

  • control field: 15005

003 - CONTROL NUMBER IDENTIFIER

  • control field: DLC

005 - DATE AND TIME OF LATEST TRANSACTION

  • control field: 20231017095600.0

008 - FIXED-LENGTH DATA ELEMENTS

  • fixed length control field: 140811n| azannaabn |a aaa

010 ## - LIBRARY OF CONGRESS CONTROL NUMBER

  • LC control number: n 2014048186

024 7# - OTHER STANDARD IDENTIFIER

  • Standard number or code: 310611566
  • Source of number or code: viaf

024 7# - OTHER STANDARD IDENTIFIER

  • Standard number or code: 0000000351404200
  • Source of number or code: isni

035 ## - SYSTEM CONTROL NUMBER

  • System control number: (OCoLC)oca09932078

040 ## - CATALOGING SOURCE

  • Original cataloging agency: DLC
  • Language of cataloging: spa
  • Description conventions: rda
  • Transcribing agency: Mx-PuUPA
  • Modifying agency: CoU
  • Modifying agency: DLC
  • Modifying agency: GVaS
  • Modifying agency: Mx-PuUPA

100 1# - HEADING--PERSONAL NAME

  • Personal name: Carillo, Ellen C.,

370 ## - ASSOCIATED PLACE

  • Associated country: Estados Unidos
  • Source of term: naf

372 ## - FIELD OF ACTIVITY

  • Field of activity: Lengua inglesa--Retórica--Estudio y enseñanza (Superior)
  • Field of activity: Escritura académica--Estudio y enseñanza (Superior)
  • Source of term: lcsh

373 ## - ASSOCIATED GROUP

  • Associated group: Universidad de Connecticut
  • Source of term: naf

373 ## - ASSOCIATED GROUP

  • Associated group: Conferencia sobre composición y comunicación universitaria (EE. UU.)
  • Source of term: naf

374 ## - OCCUPATION

  • Occupation: Profesora universitaria
  • Occupation: Profesora de ingles
  • Occupation: Autora
  • Source of term: lcsh

375 ## - GENDER

  • Gender: mujer
  • Source of term: lcdgt

377 ## - ASSOCIATED LANGUAGE

  • Language code: eng

510 2# - SEE ALSO FROM TRACING--CORPORATE NAME

  • Control subfield: r
  • Relationship information: Employer:
  • Corporate name or jurisdiction name as entry element: University of Connecticut

670 ## - SOURCE DATA FOUND

  • Source citation: Securing a place for reading in composition, 2014:
  • Information found: ecip t.p. (Ellen C. Carillo)

670 ## - SOURCE DATA FOUND

  • Source citation: A writer's guide to mindful reading, 2017:
  • Information found: ECIP title page (Ellen C. Carillo) dataview (Associate Professor of English at the University of Connecticut and the Writing Coordinator at its Waterbury Campus. Dr. Carillo is co-founder of the Role of Reading in Composition Studies Special Interest Group of the Conference on College Composition and Communication (CCCC) and regularly presents her scholarship at regional and national conferences)

670 ## - SOURCE DATA FOUND

  • Source citation: Teaching critical reading and writing in the era of fake news, 2020:
  • Information found: ECIP t.p. (Ellen C. Carillo) data view (b. 1978)